[Event "18th Aeroflot Open-A 2020"]
[Site "Moscow"]
[Date "2020.02.21"]
[Round "3.39"]
[White "Sivuk, Vitaly"]
[Black "Nikitenko, Mihail"]
[Result "1/2-1/2"]
[WhiteElo "2557"]
[BlackElo "2440"]
[Annotator "TA"]
[PlyCount "78"]
[EventDate "2020.02.19"]
[EventType "swiss"]
[EventCountry "RUS"]
[SourceTitle "playchess.com"]
[Source "ChessBase"]
[SourceQuality "1"]

{[%evp 9,78,-14,-14,-23,-18,-31,-15,-40,0,17,41,50,181,164,177,174,139,220,418,428,404,391,400,125,129,118,121,120,89,110,59,0,0,0,0,0,0,8,0,-151,-108,-251,-244,-236,-155,-195,-190,-366,-366,-366,-366,-366,-341,-447,-446,-583,-583,-583,-567,-563,-531,-701,-482,-1198,-1172,-866,0,0,0,0,0]} 1. d4 d5 2. c4 c6 3. Nf3 Nf6 4. Nc3 dxc4 5. e4 b5 $1 6. Be2 {D15: Slav Defence: 4 Nc3 a6 and gambit lines after 4 Nc3 dxc4.} e6 7. O-O Bb7 $1 {7...Bb7 is better than 7...Be7.} 8. b3 b4 (8... Bb4 $15 9. Qc2 cxb3 10. axb3 Bxc3 11. Qxc3 Nxe4) 9. e5 $1 $11 Nfd7 10. Ne4 {[#]} cxb3 $146 {[#]} ({Black should play} 10... c5 $1 $14 11. Nxc5 Nxc5 12. dxc5 Bxc5) ({Predecessor:} 10... c3 11. Bg5 Qc7 12. Bd3 Nb6 13. Nh4 Nd5 14. Qh5 h6 15. f4 Bc8 16. f5 exf5 17. Nd6+ Bxd6 18. exd6 Qxd6 19. Rae1+ Kf8 20. Bxf5 Bxf5 21. Rxf5 Qd7 22. Be7+ {1-0 (22) Secheres,A (2388)-Marjanovic,A (2326) Satu Mare 2018}) 11. Nfg5 $1 $36 {[%mdl 2048] White is on the roll.} (11. axb3 $6 c5 $14) 11... Be7 12. Bc4 (12. axb3 $6 c5 $16) (12. Qxb3 $6 c5 $14) 12... b2 13. Bxb2 {Hoping for Qh5!} Bxg5 $2 (13... O-O) 14. Nd6+ {[%mdl 64] Double Attack} Kf8 15. f4 ({Less strong is} 15. Nxb7 Qe7 $18) 15... Be7 16. f5 $2 (16. Nxb7 $18 {and the rest is easy.} Qc7 17. f5) 16... Bxd6 $16 17. fxe6 {[#]} Nxe5 $1 {[#]} 18. Qh5 $1 (18. dxe5 Bc5+) 18... Ng6 19. Rxf7+ {[%mdl 64] Double Attack} Ke8 {White must now prevent ...Ba6.} 20. e7 (20. Rxb7 $14 Qh4 21. Qxh4 Nxh4 22. Re1 (22. Rxg7 Nf5 $11)) 20... Bxe7 $11 {aiming for ...Kd7.} 21. Re1 a5 22. Rfxe7+ Qxe7 23. Rxe7+ Kxe7 24. Qc5+ $2 (24. h4 $1 $11) 24... Kd7 $17 25. Qb6 (25. h4 $17 {was necessary.}) 25... Ba6 $19 26. Qxa5 Ne7 27. d5 cxd5 ({Don't play} 27... Bxc4 28. Qxa8 Kd6 29. Qb7 $17) 28. Bxd5 $2 {[#]} (28. Bb5+ Nbc6 29. Bxc6+ Kxc6 30. Qxb4) 28... Bb7 $1 29. Qb5+ (29. Bxb7 Rxa5) 29... Bc6 30. Bxc6+ Nbxc6 31. Bxg7 Rhg8 32. Bf6 {Bxe7 is the strong threat.} Rxa2 33. g3 Rb8 34. Qd3+ Ke8 35. Qxh7 b3 {And now ...b2 would win.} 36. Qh5+ (36. Bb2 $142) 36... Kd7 37. Qg4+ Kd6 $2 ({Better is} 37... Kc7 $19 38. Qf4+ Kb7) 38. Qf4+ $11 Ke6 39. Bxe7 $1 Ne5 {Quite a comeback for White. Accuracy: White = 67%, Black = 55%.} (39... Kxe7 $5 40. Qc7+ $8 {[%mdl 64] Double Attack} Kf8 41. Qxc6 b2 42. Qd6+ Kf7 43. Qf4+ Ke6 44. Qg4+ Kf7 45. Qf4+ Ke6 46. Qg4+ Kf7 47. Qf4+ $11) 1/2-1/2

[Event "18th Aeroflot Open-A 2020"]
[Site "Moscow"]
[Date "2020.02.21"]
[Round "3.40"]
[White "Murzin, Volodar"]
[Black "Frolyanov, Dmitry"]
[Result "1-0"]
[WhiteElo "2442"]
[BlackElo "2556"]
[Annotator "TA"]
[PlyCount "91"]
[EventDate "2020.02.19"]
[EventType "swiss"]
[EventCountry "RUS"]
[SourceTitle "playchess.com"]
[Source "ChessBase"]
[SourceQuality "1"]

{[%evp 14,91,14,11,10,12,15,6,9,13,44,11,16,13,52,39,50,44,56,62,61,50,44,1,17,0,0,0,0,0,13,0,17,0,8,13,13,12,12,12,28,20,20,19,29,3,35,12,97,90,124,134,136,134,121,76,140,139,171,117,265,254,246,256,237,234,247,195,604,599,733,698,29983,29983,29979,6095,6087,6087,6079,5162]} 1. e4 c5 2. Nf3 Nc6 3. Bb5 g6 4. O-O Bg7 5. Re1 e5 6. Bxc6 dxc6 7. d3 Qe7 8. a4 $1 {[%mdl 4] is recently more successful than 8.Nbd2. Played by Magnus Carlsen in February 2020.} Nf6 {B31: Sicilian: 2...Nc6 3 Bb5 g6.} 9. Bg5 O-O 10. Na3 h6 {The position is equal.} 11. Be3 {[#]} Rd8 $146 ({Predecessor:} 11... b6 12. Nc4 Nd7 13. Nfd2 Ba6 14. Kh1 Rad8 15. Qe2 Rfe8 16. g3 Bc8 17. f4 exf4 18. gxf4 {½-½ (40) Piacun,E (2365)-Adams,J (2387) ICCF email 2018}) 12. Qc1 Kh7 13. Nc4 Nh5 14. a5 Bg4 15. Nfd2 Be6 16. g3 f6 17. Qd1 Bf8 18. f4 exf4 19. gxf4 f5 20. Qf3 Bg7 21. exf5 Bxf5 22. Ne4 Bxe4 23. Qxe4 Qxe4 24. dxe4 Bd4 25. f5 gxf5 26. exf5 Rd5 27. Bxd4 Rg8+ 28. Kh1 {Hoping for Re7+.} cxd4 29. a6 $36 {[%mdl 2048] Black is under pressure.} b5 30. Ne5 Rg7 (30... c5 $11 {remains equal.}) 31. Nxc6 $16 Rxf5 32. Nxd4 Rd5 33. c3 Nf4 34. Rg1 Nd3 (34... b4 $142) 35. Rxg7+ Kxg7 {[%mdl 4096] Endgame KRN-KRN} 36. b4 ({Better is} 36. Nc6 $18 Rd7 37. Ra5) 36... Nf2+ {This move loses the game for Black.} (36... Kg6 $16 {keeps fighting.}) 37. Kg2 $18 Ne4 38. Nc6 Rd7 {[#]} 39. c4 $1 {[%mdl 512]} bxc4 {[#]} 40. b5 $1 {[%cal Rb5b6]} c3 $2 {[#]} (40... Nc5 41. b6 Nxa6 42. bxa7 (42. Rxa6 axb6 43. Rxb6 Rd6 $16) 42... Nc7) 41. b6 $1 {[%mdl 512]} Nc5 (41... axb6 42. a7) 42. bxa7 Nb3 43. a8=Q Nxa1 44. Nb4 (44. Qe8 $142 Rf7 45. a7 Rxa7 46. Nxa7 c2 47. Qe5+ {[%mdl 64] Double Attack} Kg6 48. Qxa1 Kf5 49. Qc3) 44... c2 {[#]} 45. Nxc2 $1 Nxc2 46. Qe4 {Accuracy: White = 81%, Black = 55%.} 1-0

[Event "18th Aeroflot Open-A 2020"]
[Site "Moscow"]
[Date "2020.02.21"]
[Round "3.41"]
[White "Grigoriants, Sergey"]
[Black "Zarubitski, Viachaslau"]
[Result "1/2-1/2"]
[WhiteElo "2539"]
[BlackElo "2432"]
[Annotator "TA"]
[PlyCount "42"]
[EventDate "2020.02.19"]
[EventType "swiss"]
[EventCountry "RUS"]
[SourceTitle "playchess.com"]
[Source "ChessBase"]
[SourceQuality "1"]

{[%evp 14,42,38,31,37,32,10,8,2,0,1,8,19,13,31,19,43,27,24,15,24,18,17,13,19,0,0,0,0,0,0]} 1. e4 c5 2. Nf3 e6 3. d4 cxd4 4. Nxd4 Nc6 5. Nc3 Qc7 6. g3 a6 7. Bg2 Nf6 8. O-O h5 {B47: Sicilian: Taimanov: 5 Nc3 Qc7 6 f4, 6 g3 and 6 Be2.} 9. h3 Bc5 10. Nxc6 dxc6 11. Qf3 e5 12. Na4 {[%cal Bc3a4,Ba4c5,Bc5d3,Bd3f4][%mdl 32] [#]} Ba7 $146 ({Predecessor:} 12... Be7 13. Be3 c5 14. Rfd1 b5 15. Nc3 b4 16. Nd5 Nxd5 17. Rxd5 Be6 18. Rdd1 g6 {0-1 (37) Iturbide Arnedo,O (2182)-Beltran de Heredia Eguiaz,M (2224) Madrid 2017}) 13. Be3 b5 14. Nc5 h4 15. g4 Qe7 16. Nd3 $36 {[%mdl 2048] White has the initiative.} Nh7 17. Bxa7 Rxa7 {The position is equal.} 18. Qe3 {Black must now prevent Nxe5!} Rc7 19. f4 exf4 20. Nxf4 O-O 21. e5 Ng5 {Accuracy: White = 100%, Black = 100%.} 1/2-1/2

[Event "18th Aeroflot Open-A 2020"]
[Site "Moscow"]
[Date "2020.02.21"]
[Round "3.42"]
[White "Sreeshwan Maralakshikari"]
[Black "Iljiushenok, Ilia"]
[Result "0-1"]
[WhiteElo "2440"]
[BlackElo "2519"]
[Annotator "TA"]
[PlyCount "88"]
[EventDate "2020.02.19"]
[EventType "swiss"]
[EventCountry "RUS"]
[SourceTitle "playchess.com"]
[Source "ChessBase"]
[SourceQuality "1"]

{[%evp 25,88,0,15,0,12,0,0,0,0,-11,0,-31,25,0,4,0,13,10,25,0,0,0,0,0,0,-11,10,0,0,-22,0,-47,-8,-61,-57,-68,-76,-112,-91,-98,-100,-131,-120,-140,-111,-300,-286,-468,-464,-465,-461,-476,-493,-479,-189,-461,-420,-576,-566,-5597,-5597,-5597,-5593,-5489,-5452]} 1. d4 Nf6 2. c4 e6 3. Nc3 Bb4 4. e3 O-O 5. Bd3 d5 6. Nf3 dxc4 7. Bxc4 c5 8. O-O cxd4 9. exd4 b6 10. Bg5 Bb7 11. Qe2 Bxc3 12. bxc3 Nbd7 13. Rac1 Qc7 14. Nd2 {is recently more successful than 14.Bd3. E54: Nimzo-Indian: Rubinstein: Main Line: 7...dxc4 8 Bxc4.} Nd5 15. f3 Rac8 16. Rfe1 {The position is equal.} N7f6 17. Qf1 Nh5 18. Bh4 Qd7 (18... Qf4 $15 19. Qf2 Qh6) 19. Bf2 Rc7 20. Bb5 Bc6 21. Bd3 Rfc8 22. g3 Nhf6 23. c4 Ne7 24. Be3 Bb7 25. g4 Rd8 26. Bb1 Ng6 27. Nb3 Qd6 28. Red1 Rcc8 29. g5 ({Better is} 29. Nd2 $11) 29... Nh5 $15 30. Be4 Qe7 31. Qh3 Nhf4 32. Bxf4 {And now d5 would win.} Bxe4 33. Be3 Bb7 34. Qg4 Qa3 35. Rc2 $2 {[#] Loses the game.} (35. h4 $17) 35... Ne5 $1 $19 {[%mdl 576] Double Attack, Pin} 36. Qf4 $2 (36. Qg3 Nxf3+ 37. Kf2) (36. dxe5 Rxd1+) 36... Nxf3+ 37. Kf2 {[#] If White can now play d5 this consolidates a bit.} e5 $1 {[%mdl 512]} 38. Qf5 (38. dxe5 Rxd1) 38... exd4 39. Nxd4 Nxd4 $2 ({But not} 39... Re8 40. Qd3 $19) (39... Qd6 40. Qh3 f5 41. Nxf5 Qe5 42. Rxd8+ Rxd8 43. Nh6+ gxh6) 40. Bxd4 $2 (40. Rxd4 Re8 41. Re2) 40... Qd6 41. Kg1 Qc6 {Hoping for ...Qh1+.Black is clearly winning.} 42. Qe5 {[%csl Gd4][%cal Re5g7]} Qh1+ 43. Kf2 Qf3+ 44. Ke1 Re8 {Accuracy: White = 45%, Black = 86%.} 0-1

[Event "18th Aeroflot Open-A 2020"]
[Site "Moscow"]
[Date "2020.02.22"]
[Round "4.1"]
[White "Sethuraman, S.P."]
[Black "Mamedov, Rauf"]
[Result "1/2-1/2"]
[WhiteElo "2641"]
[BlackElo "2643"]
[Annotator "TA"]
[PlyCount "33"]
[EventDate "2020.02.19"]
[EventType "swiss"]
[EventCountry "RUS"]
[SourceTitle "playchess.com"]
[Source "ChessBase"]
[SourceQuality "1"]

{[%evp 13,33,17,16,11,12,15,9,14,15,16,6,6,16,3,13,13,11,0,23,0,0,0]} 1. d4 d5 2. c4 e6 3. Nc3 Nf6 4. cxd5 exd5 5. Bg5 Be7 6. e3 c6 7. Bd3 Nbd7 $1 {[%cal Bb8d7,Bd7f8,Bf8e6][%mdl 32] 7...Nbd7 scores better than 7...0-0.} 8. h3 {D35: Queen's Gambit Declined: Exchange Variation.} Nf8 9. Nf3 Ne6 10. Bh4 g6 11. O-O O-O 12. Rb1 a5 13. a3 {[#]} Ne8 $5 $146 {[%mdl 8] New and interesting.} ({Predecessor:} 13... Ng7 14. b4 axb4 15. axb4 Nf5 16. Bg5 h6 17. Bf4 Bd6 18. Bxd6 Nxd6 19. b5 Nfe4 {1-0 (56) Kharitonov,A (2547)-Le Goff,R (2229) Cattolica 2019}) 14. Bg3 Bd6 15. Bh4 Be7 16. Bg3 Bd6 17. Bh4 {An uneventful encounter. Accuracy: White = 100%, Black = 100%.} 1/2-1/2

[Event "18th Aeroflot Open-A 2020"]
[Site "Moscow"]
[Date "2020.02.22"]
[Round "4.2"]
[White "Idani, Pouya"]
[Black "Paravyan, David"]
[Result "1/2-1/2"]
[WhiteElo "2577"]
[BlackElo "2629"]
[Annotator "TA"]
[PlyCount "44"]
[EventDate "2020.02.19"]
[EventType "swiss"]
[EventCountry "RUS"]
[SourceTitle "playchess.com"]
[Source "ChessBase"]
[SourceQuality "1"]

{[%evp 16,44,24,8,11,0,0,0,0,0,16,0,8,17,0,10,10,2,0,0,9,0,0,0,0,0,0,0,0,0,0]} 1. e4 c5 2. Nf3 Nc6 3. Bb5 g6 4. O-O Bg7 5. c3 Nf6 6. Re1 O-O 7. h3 e5 8. d4 cxd4 9. cxd4 d5 {The position is equal. 9...Nxd4 is a critical line. B31: Sicilian: 2...Nc6 3 Bb5 g6.} 10. dxe5 Nxe4 11. Nc3 Be6 12. Bf4 {[#]} Qb6 $146 {[#] Strongly threatening ...Nxc3.} ({Predecessor:} 12... Nxc3 13. bxc3 Qa5 14. Qd3 a6 15. Bxc6 bxc6 16. Nd4 c5 17. Nb3 Qc7 18. Qe3 Rfc8 {1-0 (34) Timoshenko,G (2560)-Baryshpolets,A (2389) Kiev 2008}) 13. Qe2 Rac8 14. Nxe4 dxe4 15. Bxc6 $1 Rxc6 16. Qxe4 Qxb2 17. Reb1 Bf5 {[#] Threatens to win with ...Qxa1.} 18. Rxb2 ({Not} 18. Qxf5 $2 Qxa1 19. Rxa1 gxf5 $17) 18... Bxe4 19. Rxb7 Rc4 20. Nd2 Bxg2 21. Kxg2 Rxf4 22. Nf3 a6 {A rather calm draw. Accuracy: White = 100%, Black = 100%.} 1/2-1/2

[Event "18th Aeroflot Open-A 2020"]
[Site "Moscow"]
[Date "2020.02.22"]
[Round "4.3"]
[White "Bharath Subramaniyam H"]
[Black "Zhou, Jianchao"]
[Result "1-0"]
[WhiteElo "2402"]
[BlackElo "2622"]
[Annotator "TA"]
[PlyCount "147"]
[EventDate "2020.02.19"]
[EventType "swiss"]
[EventCountry "RUS"]
[SourceTitle "playchess.com"]
[Source "ChessBase"]
[SourceQuality "1"]

{[%evp 14,147,42,21,33,25,32,14,89,85,83,69,81,80,88,84,78,69,70,70,47,46,77,54,55,56,84,31,47,27,29,35,90,90,97,95,110,110,187,129,128,137,143,141,137,123,157,77,459,168,168,168,168,168,179,167,318,317,312,300,310,307,547,509,445,429,1707,536,677,684,684,684,684,677,641,641,611,596,524,479,629,642,508,507,1403,1345,4133,1033,978,922,731,731,29978,516,0,0,29980,29981,29984,29985,29985,29986,29986,29987,29985,29986,29986,29987,29988,29989,29989,29990,29990,0,0,0,0,0,29981,0,29990,0,29983,0,29988,29989,29989,29990,29991,29990,29991,29990,29990,29991,29992,29991]} 1. e4 c5 2. Nf3 d6 3. d4 cxd4 4. Nxd4 Nf6 5. Nc3 a6 6. h3 e6 7. g4 h6 {7...Be7 is a critical line. Played by Jan Krzysztof Duda in February 2020.} 8. Bg2 Be7 {B81: Sicilian Scheveningen: Keres Attack.} 9. Qd3 {[#]} Bd7 $146 ({Predecessor:} 9... Nc6 10. Nxc6 bxc6 11. e5 Nd5 12. exd6 Bxd6 13. Ne4 Bc7 14. c4 Nf4 15. Qxd8+ Kxd8 16. Kf1 {½-½ (45) Nepomniachtchi,I (2775)-Wojtaszek,R (2737) Dortmund 2019}) 10. Be3 g5 (10... Nc6 $11) 11. O-O-O $16 Nc6 12. f4 gxf4 {Strongly threatening ...Ne5.} 13. Nxc6 ({Much worse is} 13. Bxf4 Nxd4 14. Qxd4 e5 $15) 13... Bxc6 14. Bxf4 Qc7 15. Qg3 {[%cal Rf4d6]} O-O-O 16. e5 {[%cal Re5d6]} Ne8 17. Bxc6 Qxc6 18. Rhf1 dxe5 19. Bxe5 f6 20. Bf4 (20. Bd4 $16) 20... h5 21. g5 fxg5 22. Bxg5 $40 {[%mdl 128] Black needs to defend precisely.} Bxg5+ (22... h4 $14 23. Rxd8+ Bxd8) 23. Qxg5 {[%csl Gd1][%cal Rg5d8]} Nd6 24. Rfe1 Nc4 25. b3 Nd2 (25... Nb6 $16 {was worth a try.}) 26. Qe3 ({Better is} 26. Re3 $18 Nf3 27. Qf6) 26... Nf3 27. Rf1 Rxd1+ 28. Rxd1 {Hoping for Ne4.} e5 29. Rf1 Rf8 30. Kb2 (30. Ne4 $142 $1 {[%cal Re4d2]} Rf4 31. Rxf3 Rxe4 32. Rf8+ Kc7 33. Qd2) 30... h4 $2 {[%mdl 8192]} (30... Kb8 $16) 31. Qd3 $2 (31. Ne4) 31... Kb8 $18 32. Nd5 $1 Rd8 {[#]} 33. Nb4 $1 {[%mdl 512]} Qb6 {[#]} 34. Nxa6+ $1 {[%mdl 512]} Ka8 $2 (34... Ka7 35. Qxf3 Qd4+ 36. Qc3 Qxc3+ 37. Kxc3 Kxa6 38. Rf6+ b6) (34... Qxa6 35. Qxd8+) 35. Qxf3 Qxa6 {[%mdl 4096] Endgame KQR-KQR} 36. Re1 Qe6 37. Re4 Re8 $2 (37... Qh6 38. Qc3 Qf6 39. Rxe5 Kb8) 38. Qe3 Kb8 39. Ra4 b6 (39... Qd5 $142 40. Qa7+ Kc7 41. Rc4+ Kd7) 40. Rxh4 (40. Qe4 $142 Rc8 41. Ra8+ Kc7 42. Ra7+ Kd6 43. Rb7) 40... e4 {intending ...Qf6+.} 41. Rh6 Qe5+ 42. Kb1 Re6 43. Rxe6 Qxe6 {KQ-KQ} 44. h4 Kb7 45. h5 Qf5 46. h6 Qf1+ 47. Kb2 Qf6+ 48. Kc1 Qf5 (48... Qf1+ $142 49. Kd2 Qg2+ 50. Kc3 Qg4) 49. Qg3 Ka6 50. Qg7 (50. Qh4 $142 Qe5 51. h7 Qa1+ 52. Kd2 Qd4+ 53. Ke2) 50... e3 51. h7 e2 52. h8=Q {Threatening mate with Qa8+.} (52. Kd2 {is a self mate.} Qf2 53. Kc3 e1=Q+ 54. Kb2 Qfd2 $1 {[%mdl 512]} 55. a4 Qec1+ 56. Ka2 Qdxc2+ 57. Qb2 Q2xb2#) 52... e1=Q+ 53. Kb2 Qxc2+ $2 (53... Qee4 $18 54. Qc7 Qef3) 54. Kxc2 $11 {White threatens Qa8+ and mate.} Qe2+ $2 {[%mdl 8192]} (54... Qf2+ $11 55. Kc3 Qe3+ 56. Kc4 Qc5+ 57. Kd3 Qf5+ 58. Ke3 Qc5+ 59. Kd3 Qd5+ 60. Qd4 Qf3+ 61. Kc4 Qc6+ 62. Kb4 Qb5+ 63. Ka3 Qc6) 55. Kc3 $1 Qe3+ {[#]} 56. Kc4 $1 {[%cal Rh8a8]} Qe2+ 57. Kd5 Qb5+ 58. Kd4 {[%cal Rh8a8]} Qc5+ 59. Kd3 Qf5+ 60. Kc3 Qc5+ 61. Kb2 Qf2+ 62. Ka3 Qc5+ {[#]} 63. Kb2 $2 (63. b4 $1 {mates} Qc1+ 64. Qb2 Qe3+ 65. Qbc3 Qxc3+ 66. Qxc3 b5 67. Qc6+ Ka7 68. Qxb5) 63... Qf2+ 64. Kc3 {White wants to mate with Qa8+.} Qe3+ 65. Kc4 {[%cal Rh8a8]} Qe2+ 66. Kd5 Qb5+ $1 67. Kd4 {[%cal Rh8a8]} Qc5+ 68. Kd3 Qf5+ $1 69. Ke3 {White mates.} Qc5+ 70. Qd4 Qc1+ 71. Qd2 Qg1+ 72. Kd3 Qb1+ 73. Qc2 Qf1+ 74. Qe2 {Accuracy: White = 75%, Black = 53%.} 1-0

[Event "18th Aeroflot Open-A 2020"]
[Site "Moscow"]
[Date "2020.02.22"]
[Round "4.4"]
[White "Praggnanandhaa R"]
[Black "Artemiev, Vladislav"]
[Result "1/2-1/2"]
[WhiteElo "2602"]
[BlackElo "2728"]
[Annotator "TA"]
[PlyCount "107"]
[EventDate "2020.02.19"]
[EventType "swiss"]
[EventCountry "RUS"]
[SourceTitle "playchess.com"]
[Source "ChessBase"]
[SourceQuality "1"]

{[%evp 14,107,28,22,34,10,27,36,30,29,52,43,51,47,42,42,43,52,51,45,51,39,45,0,0,0,0,0,0,0,0,0,0,-35,-48,-41,0,-69,-33,-54,-8,-8,-8,0,0,0,0,0,0,-8,-8,-10,-14,-13,-10,-10,-14,-14,-14,-28,-31,-40,-8,-8,-8,-9,-8,-8,-8,-8,-8,-8,-8,-8,-8,-8,-8,-8,-8,-8,-8,-8,-8,-8,-8,-8,-8,-8,-8,-8,-8,-8,-8,-8,-8,-8]} 1. e4 c5 2. Nf3 d6 3. d4 cxd4 4. Nxd4 Nf6 5. Nc3 a6 6. h3 e6 7. g4 h6 {7...Be7 is a critical line.} 8. Bg2 Be7 {B81: Sicilian Scheveningen: Keres Attack.} 9. b3 Nc6 10. Nxc6 bxc6 {White is slightly better.} 11. e5 dxe5 12. Qxd8+ $1 Kxd8 13. Bxc6 Rb8 14. Bb2 Kc7 15. Bg2 Bb7 {[#]} 16. Bxb7 $146 ({Predecessor:} 16. O-O Rhd8 17. Na4 Nd7 18. Rfe1 Bxg2 19. Kxg2 f6 20. Rad1 Nb6 21. Nxb6 Kxb6 22. Kf3 {½-½ (35) Volokitin,A (2623)-Brkic,A (2573) Austria 2018}) 16... Kxb7 17. O-O-O Rbd8 18. Ne2 Ne4 $36 {[%mdl 2048] Black has the initiative.} 19. Bxe5 Nxf2 20. Rxd8 Rxd8 21. Rf1 f6 (21... Bg5+ {is interesting.} 22. Kb2 Nd1+ 23. Ka3 f6 24. Bd4 Ne3) 22. Rxf2 {Black must now prevent Bb2.} fxe5 $11 {[%mdl 4096] Endgame KRB-KRN} 23. Rf7 (23. Kb2 {feels hotter.} Kc6 24. Rf3 Rd1 25. Rc3+ Kb6 26. Ng3) 23... Rd7 24. Kb1 e4 $1 25. b4 ({White should try} 25. Rxg7 $11 Kc8 26. Rf7) 25... Kc6 $15 26. Rf4 Rd1+ (26... Bf6 $5 {[%cal Rd7d1]} 27. c4 e3 $15) 27. Kb2 Bf6+ 28. Ka3 $1 Rh1 29. Rxe4 Rxh3+ 30. Ka4 $1 e5 31. c4 Rf3 32. b5+ Kb6 33. c5+ $1 Kxc5 34. bxa6 Kb6 35. Kb4 Kxa6 36. Nc3 Kb6 37. a4 Be7+ 38. Kc4 {The position is equal.} Kc6 39. a5 Rf4 40. Rxf4 exf4 $11 {KB-KN} 41. Nd5 Bd6 42. a6 $1 {[%cal Ra6a7]} f3 {Strongly threatening ...Bc5.} 43. a7 Kb7 44. Kd3 Bc5 {[#]} 45. a8=Q+ $1 {[%mdl 576] Decoy} Kxa8 46. Nc7+ Kb7 (46... Ka7 $5 47. Ne6 $8 Bg1 $11) 47. Ne6 Kc6 (47... f2 $5 48. Ke2 $8 Be7 $11) 48. Nxg7 Kd5 {Hoping for ...Ke5.} (48... f2 $5 49. Ke2 $8 Bf8 $11) 49. Nf5 Ke5 50. Nxh6 Kf4 {Threatens to win with ...Kg3.} (50... f2 $5 51. Ke2 $8 Kf4 $11) 51. Nf7 Be7 {[#] ...Kg3 is the strong threat.} 52. Ne5 $1 {[%mdl 512]} f2 (52... Kxe5 $5 53. Ke3 $8 Bh4 54. Kxf3 Bg5 $11) 53. Ke2 Kxe5 54. Kxf2 {Accuracy: White = 93%, Black = 94%.} 1/2-1/2

[Event "18th Aeroflot Open-A 2020"]
[Site "Moscow"]
[Date "2020.02.22"]
[Round "4.5"]
[White "Sjugirov, Sanan"]
[Black "Basso, Pier Luigi"]
[Result "*"]
[WhiteElo "2674"]
[BlackElo "2600"]
[Annotator "TA"]
[PlyCount "46"]
[EventDate "2020.02.19"]
[EventType "swiss"]
[EventCountry "RUS"]
[SourceTitle "playchess.com"]
[Source "ChessBase"]
[SourceQuality "1"]

{[%evp 29,46,21,57,33,57,56,42,39,36,66,50,62,56,-52,-36,-58,-42,-41,41]} 1. d4 d5 2. c4 c6 3. Nf3 Nf6 4. Nc3 e6 5. Bg5 dxc4 6. e4 b5 7. e5 h6 8. Bh4 g5 9. Nxg5 hxg5 10. Bxg5 Be7 11. exf6 Bxf6 12. Bxf6 Qxf6 13. g3 Na6 14. Bg2 Bb7 15. Ne4 Qe7 16. O-O {D44: Semi-Slav: Botvinnik System.} O-O-O 17. h4 c5 18. a4 {White is slightly better.} Rxd4 19. Qe2 b4 $1 20. Rad1 {[%mdl 1024] Black must now prevent Rxd4. White has compensation.} Qc7 21. Rc1 {[#]} ({White should try} 21. Ng5 $14) 21... Qc6 $146 {[%cal Rd4e4] Black is slightly better.} ({Predecessor:} 21... Bd5 22. Nf6 Bxg2 23. Kxg2 e5 24. Ng4 Qb7+ 25. Kh2 f5 26. Qxe5 Qh7 27. Qf6 Rxg4 28. Qxa6+ {1-0 (41) Matlakov,M (2701)-Sandipan,C (2573) Moscow 2017}) 22. f3 $1 Nc7 ({Reject} 22... Qxa4 $6 23. Rxc4 Qc6 24. Rfc1 $11) 23. Rfd1 Qd5 {Accuracy: White = 77%, Black = 89%.} (23... Rhd8 $15 24. Rxd4 Rxd4) *

[Event "18th Aeroflot Open-A 2020"]
[Site "Moscow"]
[Date "2020.02.22"]
[Round "4.6"]
[White "Sanal, Vahap"]
[Black "Sarana, Alexey"]
[Result "1/2-1/2"]
[WhiteElo "2569"]
[BlackElo "2656"]
[Annotator "TA"]
[PlyCount "92"]
[EventDate "2020.02.19"]
[EventType "swiss"]
[EventCountry "RUS"]
[SourceTitle "playchess.com"]
[Source "ChessBase"]
[SourceQuality "1"]

{[%evp 19,92,0,18,16,17,20,31,0,19,0,0,14,7,0,12,11,23,4,13,0,0,0,15,10,10,8,15,0,0,0,4,0,16,10,7,10,16,-20,12,10,9,-12,0,0,0,0,-6,-6,-6,-6,-6,-6,-6,-6,-8,-53,0,0,0,0,0,0,0,0,0,0,0,0,0,0,0,0,0,0,0]} 1. c4 e5 2. Nc3 Nf6 3. Nf3 Nc6 4. a3 g6 5. g3 Bg7 6. Bg2 O-O 7. O-O Re8 8. d3 d6 9. Nd2 a5 10. Rb1 Ne7 {Recently 10...Nd4 got a lot of attention.} 11. b4 {A26: English Opening vs King's Indian with ...Nc6 and d3.} axb4 12. axb4 c6 13. b5 {White is slightly better.} Be6 14. Bb2 d5 15. bxc6 bxc6 16. Qc2 {[#]} h6 $146 ({Predecessor:} 16... Nf5 17. Rfc1 Bh6 18. cxd5 cxd5 19. Qd1 Ng4 20. e3 Nfxe3 21. fxe3 Bxe3+ 22. Kf1 Nxh2+ {0-1 (28) Zarkua,D (2466)-Lomineishvili,M (2360) Poti 2012}) 17. Rfc1 Nf5 18. Qd1 Nd6 19. Na4 Nd7 20. Ba3 Nf5 {[#] Strongly threatening ...Qa5.} 21. Bb4 Rb8 22. Nc3 {[%cal Rc4d5]} Nf6 23. Qa4 Ra8 24. Qd1 Rb8 25. Na4 Nd7 26. Nc5 Nxc5 27. Bxc5 Qd7 28. Nb3 Rec8 29. Na5 Ra8 30. Bb6 Bf8 31. Qe1 Ra6 32. cxd5 cxd5 {[#] Threatens to win with ...Rb8.} 33. Rxc8 Qxc8 34. e4 dxe4 35. Bxe4 {aiming for Bb7.} Nd6 36. Bg2 Bf5 37. Rc1 Qe6 (37... Qe8 $1 $15 38. Be3 Bxd3) 38. Bc5 $11 {The position is equal.} Bxd3 39. Nc6 Be4 40. Bxe4 Nxe4 41. Bxf8 Rxc6 42. Bxh6 g5 43. Rxc6 Qxc6 44. f3 Qb6+ 45. Kf1 Qa6+ 46. Kg1 Qb6+ {A rather calm draw. Accuracy: White = 91%, Black = 93%.} 1/2-1/2